000 00640nam a22002177a 4500
003 UA-OsUOA
001 63396
007 ta
008 20091005b un ||||| |||| 00| 0 ukr d
100 _aСохацька Є.
090 _a82
_bС68
942 _cSA
040 _aUA-OsUOA
_bukr
_cUA-OsUOA
_dUA-OsUOA
245 _aМихайло Драй-Хмара та українська національна ідея. До 120-річчя від дня народження
300 _aС.8
955 _a0
041 _aukr
080 _a82
773 0 _w63393
650 7 _a82 Література. Літературознавство
_2UDC
999 _c349475
_d349475